000 00751nam a22001577a 4500
003 OSt
005 20151006142258.0
008 151006b xxu||||| |||| 00| 0 eng d
040 _cRUA
082 _aAVM KHO 2006 B076 Or.1
100 _92168
_aKHONG, CHOU.
245 _aStudy on growing pigs by using ensiled waethyacinth performance for supplementation in kean svay district, សិក្សាលើការលូតលាស់របស់ជ្រូកសាច់ដោយប្រើប្រាស់កំប្លោកផ្អាប់ជាចំណីបន្ថែមលើចំណីគ្រឹះនៅស្រុកគៀនស្វាយ
260 _aPhnom Penh
_bRUA
_c2006
300 _a41p.
_bill.
_c29cm.
942 _2ddc
_cAVM
999 _c2041
_d2041